The Irwin directory of emerging market brokers /

Bibliographic Details
Main Author: Lerner, William J.
Format: Book
Language:English
Published: Chicago : Irwin Professional Pub., [1997]
Subjects:

MARC

Tag First Indicator Second Indicator Subfields
LEADER 00000cam a2200000 a 4500
001 in00001409607
005 20151020064448.0
008 960207s1997 ilu r 001 0 eng
010 |a  96003989  
020 |a 0786307196 
035 |a (OCoLC)34190481 
035 |9 AHP5216AM 
040 |a DLC  |c DLC  |d TXA  |d UtOrBLW 
043 |a d------ 
049 |a TXAM 
050 0 0 |a HG4509  |b .L47 1997 
082 0 0 |a 332.63/22/025  |2 20 
100 1 |a Lerner, William J. 
245 1 4 |a The Irwin directory of emerging market brokers /  |c William J. Lerner. 
246 3 0 |a Emerging markets brokers 
264 1 |a Chicago :  |b Irwin Professional Pub.,  |c [1997] 
264 4 |c ©1997 
300 |a xxxvii, 341 pages ;  |c 29 cm. 
336 |a text  |b txt  |2 rdacontent 
337 |a unmediated  |b n  |2 rdamedia 
338 |a volume  |b nc  |2 rdacarrier 
500 |a Includes index. 
650 0 |a Stockbrokers  |x Directories. 
650 0 |a Stockbrokers  |z Developing countries  |x Directories. 
948 |a c:BLW  |d 20030615 
999 |a MARS 
999 f f |s ac80c698-e697-3d26-afa6-cbc7cc1e0721  |i 85f1b13f-2c31-3189-aae7-3622e09eb841  |t 0 
952 f f |p ric  |a Texas A&M University  |b Rellis Campus  |c Joint Library Facility  |d Remote Storage  |t 0  |e HG4509 .L47 1997  |h Library of Congress classification  |i unmediated -- volume  |m A14822552012 
998 f f |a HG4509 .L47 1997  |t 0  |l Remote Storage